[Event "Cerdanyola del Valles op-B 29th"]
[Site "Cerdanyola del Valles"]
[Date "2011.10.15"]
[Round "3"]
[White "Bover de la Cruz, Pol"]
[Black "Marin Plana, Gerard"]
[Result "1/2-1/2"]
[WhiteElo "1586"]
[BlackElo "1749"]
[PlyCount "46"]
[EventDate "2011.10.01"]
[EventType "swiss"]
[EventRounds "8"]
[EventCountry "ESP"]
[SourceTitle "EXT 2013"]
[Source "ChessBase"]
[SourceDate "2012.11.22"]
[SourceVersion "1"]
[SourceVersionDate "2012.11.22"]
[SourceQuality "1"]

1. d4 f5 2. Nc3 d6 3. Nf3 Nf6 4. Bg5 e6 5. Bxf6 Qxf6 6. e4 fxe4 7. Nxe4 Qh6 8. Bd3 Be7 9. 0-0 0-0 10. Qd2 Qxd2 11. Nexd2 a5 12. Rfe1 Nc6 13. c3 Bd7 14. Bb5 Bf6 15. d5 exd5 16. Rad1 Bg4 17. Be2 a4 18. a3 Bh5 19. Nf1 Ne7 20. Ne3 Bf7 21. Ng4 Bh5 22. Nxf6+ Rxf6 23. Nd4 Bf7 1/2-1/2

[Event "Cerdanyola del Valles op-B 29th"]
[Site "Cerdanyola del Valles"]
[Date "2011.10.08"]
[Round "2"]
[White "Marin Plana, Gerard"]
[Black "Torres Julian, Marc"]
[Result "1-0"]
[WhiteElo "1749"]
[BlackElo "1600"]
[PlyCount "73"]
[EventDate "2011.10.01"]
[EventType "swiss"]
[EventRounds "8"]
[EventCountry "ESP"]
[SourceTitle "EXT 2013"]
[Source "ChessBase"]
[SourceDate "2012.11.22"]
[SourceVersion "1"]
[SourceVersionDate "2012.11.22"]
[SourceQuality "1"]

1. Nf3 Nf6 2. g3 g6 3. Bg2 Bg7 4. 0-0 0-0 5. d3 c5 6. e4 d6 7. c3 Nc6 8. a3 Bd7 9. Nbd2 Rc8 10. b4 cxb4 11. axb4 a6 12. Nb3 Bg4 13. Qd2 Bxf3 14. Bxf3 Ne5 15. Bg2 Qd7 16. Bb2 Qe6 17. Nd4 Qd7 18. f4 Nc6 19. Nxc6 Qxc6 20. e5 Qb6+ 21. Qf2 Qxf2+ 22. Rxf2 Ng4 23. Re2 Rc7 24. h3 Nh6 25. g4 dxe5 26. fxe5 Rd8 27. d4 Kf8 28. Ra5 e6 29. b5 axb5 30. Rxb5 Rdd7 31. Rc2 Ng8 32. Ba3+ Ke8 33. Bd6 Rc8 34. Bxb7 Rc4 35. Bc5 Rc7 36. Be4 Ra4 37. Rb8+ 1-0

[Event "Barcelona Rubi op-B 5th"]
[Site "Barcelona"]
[Date "2004.04.??"]
[Round "4"]
[White "Munoz Garcia, Luis"]
[Black "Marin Plana, Gerard"]
[Result "0-1"]
[WhiteElo "1700"]
[BlackElo "1725"]
[PlyCount "51"]
[EventDate "2004.04.25"]
[EventType "swiss"]
[EventRounds "7"]
[EventCountry "ESP"]
[SourceTitle "EXT 2007"]
[Source "ChessBase"]
[SourceDate "2006.11.23"]
[SourceVersion "1"]
[SourceVersionDate "2006.11.23"]
[SourceQuality "1"]

1. e4 e6 2. d4 d5 3. e5 c5 4. Nf3 Qb6 5. c3 Nc6 6. Na3 Bd7 7. Rb1 cxd4 8. cxd4 Bxa3 9. b3 Bxc1 10. Rxc1 Nge7 11. Be2 0-0 12. 0-0 Nf5 13. Rc3 Nfxd4 14. Bd3 Nxf3+ 15. Qxf3 Nxe5 16. Bxh7+ Kxh7 17. Qh5+ Kg8 18. Qxe5 Qd8 19. Rg3 f6 20. Qh5 Be8 21. Qh6 Qe7 22. Re1 Rc8 23. h3 Qf7 24. Rd1 Rc7 25. Rd4 Qh5 26. Qxg7+ 0-1